000
00330nam a22001457a 4500
008
221118b ||||| |||| 00| 0 eng d
020
_a
9780465031351
041
_a
eng
080
_2
0465031358
_a
159.9
082
_a
159.9LEA
100
_a
25
101
_a
PSI
245
_a
THE ORIGIN OF HUMANKIND
_c
LEAKEY R
942
_2
udc
_c
BK
999
_c
58950
_d
58950